Δήμοι της Ελλάδας που Αρχίζουν από Δ - Statistics

General Stats
  • This quiz has been taken 8 times
  • The average score is 6 of 18
Answer Stats
Δήμος % Correct
Δάφνης-Υμηττού
83%
Δράμας
83%
Δέλτα
50%
Διδυμοτείχου
50%
Δομοκού
50%
Δεσκάτης
33%
Διρφύων-Μεσσαπίων
33%
Δοξάτου
33%
Δυτικής Αχαΐας
33%
Δυτικής Μάνης
33%
Διονύσου
17%
Δίου-Ολύμπου
17%
Διστόμου-Αράχοβας-Αντικύρας
17%
Δυτικής Λέσβου
17%
Δυτικής Σάμου
17%
Δωδώνης
17%
Δωρίδος
17%
Δελφών
0%
No matching quizzes found
Score Distribution
Percent of People with Each Score
Percentile by Number Answered
Your Score History
You have not taken this quiz